Transformation of the agricultural financial system in the age of globalisation
Výhody a riziká spojené s vlnou finančnej globalizácie a jej dopadom na finančnú politiku v európskom poľnohospodárstve. Možnosť urýchlenia ekonomického rastu a zníženia fluktuácie v spotrebe, na druhej strane mnohé hrozby, vrátane rizika krízy.
Na minha lista:
| Autor principal: | |
|---|---|
| Outros Autores: | , |
| Formato: | Capítulo de Livro |
| Idioma: | inglês |
| Assuntos: | |
| Tags: |
Sem tags, seja o primeiro a adicionar uma tag!
|
MARC
| LEADER | 00000naa a2200000 4500 | ||
|---|---|---|---|
| 001 | 0239318 | ||
| 005 | 20220805075057.0 | ||
| 041 | 0 | |a eng | |
| 044 | |a CZ | ||
| 245 | 1 | 0 | |a Transformation of the agricultural financial system in the age of globalisation |c Anna Brzozowska, Bubel Dagmara, Antonina Kalinichenko |
| 520 | |a Výhody a riziká spojené s vlnou finančnej globalizácie a jej dopadom na finančnú politiku v európskom poľnohospodárstve. Možnosť urýchlenia ekonomického rastu a zníženia fluktuácie v spotrebe, na druhej strane mnohé hrozby, vrátane rizika krízy. | ||
| 610 | 2 | 0 | |a poľnohospodárstvo |
| 610 | 2 | 0 | |a globalizácia hospodárstva |
| 610 | 2 | 0 | |a politika finančná |
| 610 | 2 | 0 | |a Európa |
| 610 | 2 | 0 | |a rast hospodársky |
| 610 | 2 | 0 | |a kríza hospodárska |
| 100 | 1 | |a Brzozowska, Anna | |
| 700 | 1 | |a Bubel, Dagmara | |
| 700 | 1 | |a Kalinichenko, Antonina | |